| 000 | 01172nam a2200241Ia 4500 | ||
|---|---|---|---|
| 003 | PE SENCICO BE | ||
| 005 | 20251020182548.0 | ||
| 008 | 200515s9999 xx 000 0 und d | ||
| 020 | _a978-84-17289-14-0 | ||
| 040 |
_aPE SENCICO BE _cPE SENCICO BE |
||
| 041 | _aspa | ||
| 082 |
_a624.171 _bG71 |
||
| 100 | 1 |
_aGonzáles Rodrigo, Beatriz _91329 |
|
| 245 | 1 | 0 |
_aAnálisis estructural : _bproblemas resueltos de leyes y diagramas de esfuerzos / _cBeatriz González Rodrigo |
| 250 | _a1a ed. | ||
| 260 |
_aLima : _bGarceta Grupo Editorial, _c2019 |
||
| 300 |
_a187 p. : _bdiagrs., _c24 cm. |
||
| 520 | _aLa publicación parte del principio básico de constituir una guía eminentemente práctica desde la primera página. Se comienza planteando una introducción conceptual de las leyes de esfuerzos para continuar con el cuerpo de la publicación, que es un tutorial práctico estructurado en varios ejercicios o casos de estudio que se pueden presentar en el desarrollo de la profesión del ingeniero. | ||
| 650 | 1 | 0 |
_aAnálisis estructural (Ingeniería) _9159 |
| 650 | 2 | 0 |
_aDiseño de estructuras _916 |
| 650 | 2 | 0 |
_aIngeniería mecánica _933 |
| 942 |
_cLIB _2ddc |
||
| 999 |
_c2614 _d2614 |
||